| 000 | 01633cam a22001934a 4500 | ||
|---|---|---|---|
| 005 | 20250605164104.0 | ||
| 008 | 250528s ||||||||||||||||||||||||d | ||
| 035 | _a17659 | ||
| 020 | _a9789605464943 | ||
| 040 |
_aGR-AtMCL _bgre _dGR-AtMCL _eAACR2 |
||
| 245 | 1 |
_aΠώς να ξεκινήσετε τη δική σας επιχείρηση. _nΤόμος 2 |
|
| 260 |
_bΠεδίο, _c2015 |
||
| 300 | _a256 | ||
| 520 | _aΤο παρόν βιβλίο φωτίζει κάθε σημαντική πτυχή της έναρξης και της λειτουργίας μιας επιχείρησης, όπως η ανάπτυξη της ιδέας σας, η εξασφάλιση χρηματικών πόρων, η οικοδόμηση σχέσεων με τους πελάτες, η διεύρυνση της διαδικτυακής παρουσίας σας, και πολλά άλλα. Περαιτέρω Πληροφορίες για τους Αγγλομαθείς, Αποκτώντας Νέους Πελάτες, Οικοδομώντας Σχέσεις με τους Πελάτες, Πώς να Ορίσετε μια τιμή, Επιλέγοντας τον Χώρο Εργασίας σας, Τεχνολογία της Πληροφορίας και Λοιπός Εξοπλισμός, Επαγγελματική Υποστήριξη, Προσλαμβάνοντας το Κατάλληλο Προσωπικό, Ασφάλιση, Οικονομική Πρόβλεψη, Επιβιώνοντας, Προχωρόντας Μπροστά. | ||
| 700 | 1 |
_aWilliams Sara _93846 |
|
| 942 | _cBK | ||
| 999 |
_c3061 _d3061 |
||